000 00625nam a22002057a 4500
005 20180706142623.0
010 _aENG-123396
020 _c99.00
_a9788121906548
035 _aEN-106928
037 _bDBAD/PUB
082 _a621.180212
100 _aKhurmi, R.S.
245 0 0 _aSteam tables with mollier diagram :
_cby R.S. Khurmi [and] N. Khurmi
_bIn s.l. units /
260 _aNew Delhi
_bS. Chand and Company
_c2018
270 _a7361, Ram Nagar,
_bNew Delhi
_e110055
300 _a24p.
_c24cm(pbk)
500 _aIt includes chart-1
700 _aKhurmi, N.
942 _2ddc
_cEN
_mKHU
_h621.180212
999 _c153519
_d153519